000 01539nam a2200349 i 4500
001 000026860
003 DO-SdBNP
005 20260305073951.0
007 ta
008 110325s1986 dr a 000 0 spa d
040 _aDO-SdBNP
_bspa
_cBNPHU
_erda
041 _hspa
082 4 _a 016.9729342
_bM538p
_222
245 0 0 _aPalma sola ... desde el sol, hasta el ocaso :
_bun aporte bibliográfico a su estudio /
_ccompilador, Ana Marina Méndez ; prólogo, Frank Moya Pons.
264 4 _aSanto Domingo :
_bBiblioteca Nacional Pedro Henríquez Ureña (BNPHU),
_c©1986.
300 _a152 páginas :
_bilustraciones, mapas, retratos ;
_c21 cm.
336 _atexto
_btxt
_2rdacontent
337 _asin mediación
_bn
_2rdamedia
338 _avolumen
_bnc
_2rdacarrier
490 0 _aColección Orfeo
504 _aBibliografía : páginas 31-53
590 _aInventariado, 2024/BT
650 7 _aMassacres
_zRepública Dominicana
_zPalma Sola (San Juan)
_vBibliografías
_2LEMB
_986851
650 7 _aCultos
_z República Dominicana
_zPalma Sola (San Juan)
_vBibliografías
_2LEMB
_986852
651 7 _a Palma Sola (San Juan, República Dominiacana)
_xHistoria
_vBibliografías
_2LEMB
_986853
651 7 _aRepública Dominicana
_xPolítica y gobierno
_y1961-
_vBibliografías
_986854
700 1 _aMoya Pons, Frank,
_d1944-
_eprologuista
_4pr.
_92095
700 1 _aMéndez, Ana Marina,
_ecompilador
_4comp.
_986829
710 2 _aBiblioteca Nacional Pedro Henríquez Ureña
_981292
910 _aValidado. Control de calidad MFF
942 _2ddc
_cLBS1
999 _c26352
_d26352